Caste Association and Political Process in Gujarat: (Record no. 184501)

MARC details
000 -LEADER
fixed length control field 00498nam a22001577a 4500
041 ## - LANGUAGE CODE
Language code of text/sound track or separate title eng
082 ## - DEWEY DECIMAL CLASSIFICATION NUMBER
Classification number 323.15475
Item number SHA
100 ## - MAIN ENTRY--AUTHOR NAME
Personal name Shah, Ghanshyam
245 ## - TITLE STATEMENT
Title Caste Association and Political Process in Gujarat:
Remainder of title A Study of Gujarat Kshatriya Sabha /
Statement of responsibility, etc by Ghanshyam Shah
260 ## - PUBLICATION, DISTRIBUTION, ETC. (IMPRINT)
Place of publication Bombay,
Name of publisher Popular Prakashan,
Year of publication c1975.
300 ## - PHYSICAL DESCRIPTION
Number of Pages ix, 218p. ;
Dimensions 22 cm.
650 ## - SUBJECT ADDED ENTRY--TOPICAL TERM
Topical Term Caste
General subdivision India, Gujarat.
650 ## - SUBJECT ADDED ENTRY--TOPICAL TERM
Topical Term Political Participation
General subdivision India, Gujarat.
942 ## - ADDED ENTRY ELEMENTS (KOHA)
Koha item type Books
Holdings
Withdrawn status Lost status Damaged status Collection code Home library Current library Shelving location Date acquired Full call number Accession Number Koha item type
      ICSSR North Eastern Hill University North Eastern Hill University General Stacks 01/03/1979 323.15475 SHA IC144 Books